Statistiques concernant Reines de France

Cliquez ici pour prendre le quiz!

Statistiques générales

  • Ce quiz a été pris 451 fois
  • Le résultat moyen est 33 sur 48

Statistiques - réponses

DateEpouxReine% Correct
1514-1515Louis XIIMarie d'Angleterre
99%
1422-1461Charles VIIMarie d'Anjou
99%
1274-1285Philippe IIIMarie de Brabant
99%
1322-1324Charles IVMarie de Luxembourg
99%
1600-1610Henri IVMarie de Médicis
99%
1725-1768Louis XVMarie Leszczyńska
99%
1559-1560François IIMarie Stuart
99%
1774-1792Louis XVIMarie-Antoinette d'Autriche
90%
1615-1643Louis XIIIAnne d'Autriche
87%
1499-1514Louis XIIAnne de Bretagne
87%
1491-1498Charles VIIIAnne de Bretagne
87%
1051-1060Henri IerAnne de Russie
87%
1547-1559Henri IICatherine de Médicis
87%
1350-1360Jean IIJeanne d'Auvergne
77%
1364-1378Charles VJeanne de Bourbon
77%
1327-1349Philippe VIJeanne de Bourgogne
77%
1498-1498Louis XIIJeanne de France
77%
1285-1305Philippe IVJeanne de Navarre
77%
1326-1327Charles IVJeanne d'Evreux
77%
1575-1589Henri IIILouise de Lorraine-Vaudémont
73%
1314-1315Louis XMarguerite de Bourgogne
73%
1589-1599Henri IVMarguerite de France
73%
1234-1270Louis IXMarguerite de Provence
73%
1270-1271Philippe IIIIsabelle d'Aragon
71%
1180-1190Philippe IIIsabelle de Hainaut
71%
1660-1683Louis XIVMarie-Thérèse d'Autriche
69%
1515-1524François IerClaude de France
68%
1322-1322Charles IVBlanche de Bourgogne
66%
1223-1226Louis VIIIBlanche de Castille
66%
1350-1350Philippe VIBlanche de Navarre
66%
1570-1574Charles IXElisabeth d'Autriche
65%
996-1001Robert IIBerthe de Bourgogne
64%
1072-1092Philippe IerBerthe de Hollande
64%
1137-1152Louis VIIAliénor d'Aquitaine
63%
1461-1483Louis XICharlotte de Savoie
54%
1385-1422Charles VIIsabeau de Bavière
54%
1530-1547François IerEléonore d'Autriche
52%
987-996Hugues CapetAdélaïde d'Aquitaine
47%
1115-1137Louis VIAdélaïde de Savoie
47%
1830-1848Louis-PhilippeMarie-Amélie de Bourbon-Siciles
47%
1034-1044Henri IerMathilde de Frise
46%
1160-1180Louis VIIAdèle de Champagne
40%
1196-1201Philippe IIAgnès de Méranie
40%
1003-1031Robert IIConstance d'Arles
40%
1154-1160Louis VIIConstance de Castille
40%
1092-1104Philippe IerBertrade de Montfort
36%
1193-1223Philippe IIIngeburge de Danemark
32%
996-996Robert IIRozala d'Italie
29%

Distribution des résultats

Percentile par nombre de réponses

% des personnes avec chaque résultat

Votre développement - résultats

Vous n’avez pas pris ce quiz